LEADER 00849nam0-22002891i-450- 001 990006154700403321 005 19980601 035 $a000615470 035 $aFED01000615470 035 $a(Aleph)000615470FED01 035 $a000615470 100 $a19980601d1951----km-y0itay50------ba 105 $a--------00-yy 200 1 $a"Secundum nostrae civitatis iura"$fArnaldo Biscardi. 210 $aSiena$cCircolo Giuridico dell'Universita'$d1951 215 $a40_49 p.$d24 cm 463 $d$1200$a"Studi Senesi, LXIII 2 Serie, XXXVIII), fasc. 1" 676 $a340.5 700 1$aBiscardi,$bArnaldo$0205114 801 0$aIT$bUNINA$gRICA$2UNIMARC 901 $aBK 912 $a990006154700403321 952 $aB.SOL.BUSTA B 179$b64375$fFGBC 959 $aFGBC 996 $a"Secundum nostrae civitatis iura"$9645407 997 $aUNINA DB $aGIU01 LEADER 02442nam 2200541 450 001 9910511737103321 005 20190826145055.0 010 $a90-04-35183-3 024 7 $a10.1163/9789004351837 035 $a(CKB)4100000000467896 035 $a(MiAaPQ)EBC5100736 035 $a 2017037376 035 $a(nllekb)BRILL9789004351837 035 $a(PPN)232378126 035 $a(EXLCZ)994100000000467896 100 $a20171109h20182018 uy 0 101 0 $aeng 135 $aurcnu|||||||| 181 $2rdacontent 182 $2rdamedia 183 $2rdacarrier 200 10$aOn winds /$fby Robert Mayhew 210 1$aLeiden, Netherlands ;$aBoston, [Massachusetts] :$cBrill,$d2018. 210 4$dİ2018 215 $a1 online resource (374 pages) 225 1 $aPhilosophia Antiqua,$x0079-1687 ;$vVolume 147 300 $aAt head of title: Theophrastus of Eresus. 311 $a90-04-35182-5 320 $aIncludes bibliographical references and indexes. 327 $aIntroduction -- The text -- The translation and commentary -- Aristotle and Theophrastus on the nature of wind -- The structure of on winds -- An Aristotelian windrose -- Abbreviations -- Sigla -- Sigla codicum -- Text and translation -- Commentary. 330 $aIn Theophrastus of Eresus: On Winds , Robert Mayhew provides a critical edition of the Greek text with English translation and commentary on the sole Peripatetic treatise devoted specifically to winds, by Aristotle?s successor in the Lyceum. This is the first edition of this text to appear in over forty years, and the first ever to make use not only of the twelve medieval manuscripts but also of the Oxyrhynchus papyrus fragment of this work (first published in 1986). The lengthy commentary attempts to explain this difficult (and often corrupt) text and its relationship to Aristotle?s meteorological theory and scientific methodology. 410 0$aPhilosophia antiqua ;$vVolume 147. 606 $aWinds$vEarly works to 1800 606 $aWinds$zMiddle East$vEarly works to 1800 606 $aMeteorology$xHistory$vSources 608 $aElectronic books. 615 0$aWinds 615 0$aWinds 615 0$aMeteorology$xHistory 676 $a551.518 700 $aMayhew$b Robert$0326431 801 0$bMiAaPQ 801 1$bMiAaPQ 801 2$bMiAaPQ 906 $aBOOK 912 $a9910511737103321 996 $aOn winds$92552456 997 $aUNINA LEADER 02801nam 2200673Ia 450 001 9910437938703321 005 20251116152803.0 010 $a3-642-36464-0 024 7 $a10.1007/978-3-642-36464-8 035 $a(CKB)2550000001045978 035 $a(EBL)1206132 035 $a(SSID)ssj0000880190 035 $a(PQKBManifestationID)11455037 035 $a(PQKBTitleCode)TC0000880190 035 $a(PQKBWorkID)10873354 035 $a(PQKB)11248467 035 $a(DE-He213)978-3-642-36464-8 035 $a(MiAaPQ)EBC1206132 035 $a(PPN)169139344 035 $a(EXLCZ)992550000001045978 100 $a20130426d2013 uy 0 101 0 $aeng 135 $aur|n|---||||| 181 $ctxt 182 $cc 183 $acr 200 00$aEarth system modelling$b[electronic resource] $hVolume 4 $eIO and postprocessing /$fV. Balaji, Rene Redler, Reinhard Budich, editors 205 $a1st ed. 2013. 210 $aBerlin ;$aNew York $cSpringer$dc2013 215 $a1 online resource (58 p.) 225 1 $aSpringerBriefs in earth system sciences,$x2191-589X 300 $aDescription based upon print version of record. 311 08$a3-642-36463-2 320 $aIncludes bibliographical references and index. 327 $aInput/Output and Post processing -- Parallel I/O Basics -- ESM I/O layers -- Data Storage -- Data Representation -- Data Analysis and Visualization -- Future Perspectives. 330 $aCollected articles in this series are dedicated to the development and use of software for earth system modelling and aims at bridging the gap between IT solutions and climate science. The particular topic covered in this volume addresses the issue of data input/ouitput and post-processing in the context of Earth system modeling, with an emphasis on parallel I/O, storage management and analysis subsystems for very large scale data requirements. 410 0$aSpringerBriefs in earth system sciences. 517 3 $aIO and postprocessing 517 3 $aInput/output and postprocessing 517 3 $aEarth system modeling 606 $aClimatology$xMathematical models 606 $aClimatic changes$xMathematical models 606 $aClimatology$xComputer simulation 606 $aEarth sciences$xComputer simulation 615 0$aClimatology$xMathematical models. 615 0$aClimatic changes$xMathematical models. 615 0$aClimatology$xComputer simulation. 615 0$aEarth sciences$xComputer simulation. 676 $a550.113 701 $aBalaji$b V$01064382 701 $aRedler$b Rene?$00 701 $aBudich$b Reinhard$01755705 801 0$bMiAaPQ 801 1$bMiAaPQ 801 2$bMiAaPQ 906 $aBOOK 912 $a9910437938703321 996 $aEarth system modelling$94196986 997 $aUNINA